[Event "Masters' trophy"]
[Site "Brussels"]
[Date "1987.12.??"]
[Round "4"]
[White "Kerkhof, Philippe"]
[Black "Polaczek, Richard"]
[Result "1/2-1/2"]
[WhiteElo "2250"]
[BlackElo "2305"]
[Source "365chess.com"]
[EventDate "1987.12.20"]

1. e4 e5 2. Nf3 Nc6 3. Bb5 f5 4. exf5 e4 5. Qe2 Qe7 6. Bxc6 bxc6 7. Nd4 Nf6
8. O-O Qe5 9. Nb3 Bd6 10. g3 O-O 11. f3 a5 12. fxe4 a4 13. d4 Qxe4 14. Qxe4 Nxe4
15. N3d2 Nxd2 16. Bxd2 Ba6 17. Rf2 c5 18. Bc3 Rae8 19. Nd2 Re3 20. Nf1 Re4
21. Rd1 h5 22. d5 Re2 23. f6 gxf6 24. Rxe2 Bxe2 25. Rd2 Bf3 26. Ne3 Be4 27. Nc4
Be7 28. d6 cxd6 29. Nxd6 Bg6 30. Nc4 Bf5 31. Nd6 Be6 32. a3 f5 33. Be5 Bg5
34. Rd3 c4 35. Rd1 f4 36. Ne4 Bh6 37. Nf6+ Kf7 38. gxf4 Bxf4 39. Bxf4 Kxf6
40. Bd6 Rg8+ 41. Kf2 Kf5 42. Re1 1/2-1/2

[Event "Masters' trophy"]
[Site "Brussels"]
[Date "1987.12.??"]
[Round "4"]
[White "Penson, Thierry"]
[Black "Flear, Christine"]
[Result "0-1"]
[WhiteElo "2265"]
[BlackElo "2220"]
[Source "365chess.com"]
[EventDate "1987.12.20"]
[BlackTitle "WIM"]

1. e4 e5 2. Nf3 Nc6 3. Bb5 a6 4. Bxc6 dxc6 5. O-O Bd6 6. d4 exd4 7. Qxd4 f6
8. Re1 Ne7 9. Be3 O-O 10. Nbd2 Ng6 11. Rad1 Qe8 12. Nc4 Be5 13. Nfxe5 fxe5
14. Qc3 Qe6 15. Bc5 Re8 16. f3 Qf6 17. Rd2 h5 18. Red1 Kh7 19. Be3 Rb8 20. Na5
Kh8 21. Rd3 h4 22. Qd2 h3 23. Bg5 Qf7 24. g3 Be6 25. b3 c5 26. c4 Kh7 27. Rf1
Nf8 28. f4 Bd7 29. fxe5 Qe6 30. Rxf8 Rxf8 31. Rxd7 b6 32. Qd5 Qxd5 33. cxd5 bxa5
34. Bf6 c4 35. Rxg7+ Kh6 36. Rxc7 Rfc8 37. Rxc4 Rxc4 38. bxc4 Rb1+ 39. Kf2 Rb2+
40. Ke3 Rxh2 41. d6 Rh1 42. e6 Re1+ 43. Kf4 h2 44. e7 h1=Q 45. e8=Q Qf1+ 46. Ke5
Rxe4+ 47. Kxe4 Qe2+ 48. Kd5 Qxe8 49. c5 Kg6 0-1

[Event "Masters' trophy"]
[Site "Brussels"]
[Date "1987.12.??"]
[Round "4"]
[White "Scholz Solis, Guillermo"]
[Black "Kudrin, Sergey"]
[Result "1-0"]
[WhiteElo "2310"]
[BlackElo "2515"]
[WhiteTitle "FM"]
[Source "365chess.com"]
[EventDate "1987.12.20"]
[BlackTitle "GM"]

1. d4 Nf6 2. Nf3 g6 3. g3 Bg7 4. Bg2 d5 5. O-O O-O 6. c4 dxc4 7. Na3 c3 8. bxc3
c5 9. Nc4 Nc6 10. Bb2 Be6 11. Nfe5 Qc7 12. Qa4 Nxe5 13. Nxe5 Rfd8 14. Nd3 c4
15. Nc5 Bd5 16. Bxd5 Rxd5 17. Qc2 Rh5 18. f3 Nd5 19. Qd2 e5 20. e3 exd4 21. exd4
b6 22. Ne4 Bh6 23. f4 f5 24. Ng5 Bxg5 25. fxg5 f4 26. Qg2 Rxg5 27. Rxf4 Qxf4
28. gxf4 Rxg2+ 29. Kxg2 Nxf4+ 30. Kf3 Nd3 31. Ba3 Re8 32. Rb1 Kf7 33. Bd6 Ke6
34. Bg3 Rf8+ 35. Ke4 Rf5 36. Rd1 h5 37. Rd2 h4 38. Bb8 Ra5 39. Rg2 g5 40. h3 Kd7
41. d5 Ra3 42. Kd4 Nc1 43. Be5 Rxa2 44. Rxg5 Rd2+ 45. Ke4 Nd3 46. Rg7+ Ke8
47. Bd4 Nc5+ 48. Kf5 Rd3 49. d6 Rxh3 50. Rxa7 Rf3+ 51. Ke5 Rf7 52. Ra8+ Kd7
53. Bxc5 bxc5 54. Ra7+ Ke8 55. Ra2 Rf3 56. Ke6 Re3+ 57. Kd5 h3 58. Kc6 Rd3
59. Ra8+ Kf7 60. Rh8 1-0

[Event "Masters' trophy"]
[Site "Brussels"]
[Date "1987.12.??"]
[Round "5"]
[White "Boey, Jozef Martin"]
[Black "Gutman, Lev"]
[Result "1-0"]
[WhiteElo "2390"]
[BlackElo "2475"]
[WhiteTitle "IM"]
[Source "365chess.com"]
[EventDate "1987.12.20"]
[BlackTitle "GM"]

1. e4 c5 2. Nf3 d6 3. d4 cxd4 4. Nxd4 Nf6 5. Nc3 a6 6. Bg5 e6 7. f4 Nbd7 8. Qf3
Qc7 9. Bd3 h6 10. Bxf6 Nxf6 11. O-O-O e5 12. Nf5 Be6 13. Nd5 Bxd5 14. exd5 Nd7
15. Rhe1 O-O-O 16. Re4 Qa5 17. a3 g6 18. Ne3 f5 19. Rc4+ Kb8 20. Qg3 exf4
21. Rxf4 Be7 22. h4 Ne5 23. Nc4 Qxd5 24. Bxf5 Qc5 25. Be6 g5 26. Re4 gxh4
27. Qg7 Bg5+ 28. Kb1 Qc7 29. Qxc7+ Kxc7 30. Nxe5 dxe5 31. Rxd8 Rxd8 32. Rxe5
Rd1+ 33. Ka2 Rd2 34. Bh3 Rxc2 35. Kb3 Rd2 36. Rc5+ Kb6 37. Rc2 Rd6 38. Ka2 Be3
39. Re2 Bg5 40. Re6 1-0

[Event "Masters' trophy"]
[Site "Brussels"]
[Date "1987.12.??"]
[Round "5"]
[White "Dutreeuw, Marc"]
[Black "Weemaes, Ronald"]
[Result "1-0"]
[WhiteElo "2400"]
[BlackElo "2340"]
[Source "365chess.com"]
[EventDate "1987.12.20"]
[BlackTitle "FM"]

1. e4 e5 2. Nf3 Nc6 3. Bb5 a6 4. Ba4 Nf6 5. O-O Be7 6. Re1 b5 7. Bb3 d6 8. c3
Na5 9. Bc2 c5 10. d4 cxd4 11. cxd4 Qc7 12. Nbd2 Bg4 13. h3 Rc8 14. Bd3 Bh5
15. a4 O-O 16. d5 Nc4 17. b3 Nxd2 18. Bxd2 Bg6 19. Nh4 Nh5 20. Nxg6 fxg6 21. g3
Qd7 22. Qg4 Nf6 23. Qxd7 Nxd7 24. b4 Nb6 25. axb5 axb5 26. Bxb5 Rc2 27. Be3 Nc4
28. Bxc4 Rxc4 29. b5 Rb8 30. b6 Kf7 31. Reb1 h6 32. Ra3 Bg5 33. f4 Bd8 34. b7
1-0

[Event "Masters' trophy"]
[Site "Brussels"]
[Date "1987.12.??"]
[Round "5"]
[White "Flear, Christine"]
[Black "Geenen, Marc"]
[Result "1/2-1/2"]
[WhiteElo "2220"]
[BlackElo "2295"]
[WhiteTitle "WIM"]
[Source "365chess.com"]
[EventDate "1987.12.20"]

1. d4 d5 2. c4 e5 3. dxe5 d4 4. a3 Nc6 5. Bf4 Nge7 6. Nf3 Bg4 7. Qb3 Qd7
8. Nbd2 O-O-O 9. O-O-O Ng6 10. Bg3 Qf5 11. e4 Qe6 12. h3 Bh5 13. Bh2 Ngxe5
14. g4 Nxf3 15. Qxf3 Bg6 16. h4 f6 17. g5 Kb8 1/2-1/2

[Event "Masters' trophy"]
[Site "Brussels"]
[Date "1987.12.??"]
[Round "5"]
[White "Hergott, Deen"]
[Black "Karólyi, Tibor"]
[Result "0-1"]
[WhiteElo "2305"]
[BlackElo "2435"]
[Source "365chess.com"]
[EventDate "1987.12.20"]
[BlackTitle "IM"]

1. c4 e6 2. Nf3 d5 3. g3 dxc4 4. Na3 Bxa3 5. Qa4+ b5 6. Qxa3 Bb7 7. b3 cxb3
8. Qxb3 a6 9. a4 Nd7 10. axb5 axb5 11. Rxa8 Qxa8 12. Bg2 Qa5 13. O-O Ngf6
14. Nd4 Bxg2 15. Kxg2 b4 16. Bb2 O-O 17. Nc6 Qa6 18. Rc1 Qxe2 19. Ne7+ Kh8
20. Bxf6 Qe4+ 21. Qf3 Qxf3+ 22. Kxf3 gxf6 23. Nc6 b3 24. Rb1 Nb6 25. Rxb3 Ra8
26. Nd4 Kg7 27. Rc3 Nd5 28. Rc5 Kg6 29. Nc2 Ra7 30. Ne3 Ne7 31. h4 f5 32. g4
fxg4+ 33. Nxg4 Nf5 34. Ne5+ Kf6 35. h5 Rb7 36. Ng4+ Ke7 37. Rc3 Ng7 38. h6 Nf5
39. Kf4 f6 40. Kf3 Kf7 41. d3 Kg6 42. Rc1 Nxh6 43. Nxh6 Kxh6 44. Rc6 Rb6
45. Rxc7 e5 46. d4 exd4 47. Rd7 Rb4 48. Ke4 Kg6 49. f4 h5 50. f5+ Kh6 51. Rf7
d3+ 52. Kxd3 Kg5 53. Ke3 Kxf5 54. Kf3 Rg4 55. Rf8 Rg7 56. Ra8 Kg5 57. Kg3 f5
58. Rb8 Rg6 59. Ra8 h4+ 60. Kh3 Re6 61. Rg8+ Kf4 62. Rf8 Rd6 63. Rf7 Rd8 64. Ra7
Kg5 65. Rg7+ Kf6 66. Ra7 Rd4 67. Ra8 Re4 68. Rb8 Kg5 69. Rg8+ Kf4 70. Rf8 Re2
71. Rf7 Rf2 72. Ra7 Rd2 73. Rf7 Ke4 74. Kxh4 f4 75. Ra7 Kf3 76. Kh3 Kf2 77. Rf7
f3 78. Kg4 Rd3 79. Kh3 Kg1 80. Rg7+ Kf1 81. Rf7 0-1

[Event "Masters' trophy"]
[Site "Brussels"]
[Date "1987.12.??"]
[Round "5"]
[White "Kouatly, Bachar"]
[Black "Carlier, Bruno"]
[Result "1/2-1/2"]
[WhiteElo "2470"]
[BlackElo "2380"]
[WhiteTitle "IM"]
[Source "365chess.com"]
[EventDate "1987.12.20"]
[BlackTitle "FM"]

1. d4 Nf6 2. Nf3 e6 3. g3 b5 4. Bg2 Bb7 5. O-O c5 6. Na3 Qb6 7. c4 b4 8. Nc2 d6
9. Ne3 Nbd7 10. d5 exd5 11. cxd5 Qc7 12. Nd2 g6 13. a3 a5 14. axb4 axb4
15. Rxa8+ Bxa8 16. Qa4 Bb7 17. Ndc4 Be7 18. Na5 O-O 19. Nxb7 Qxb7 20. Qc6 Qb8
21. Nc4 Rc8 22. Qa6 Qa8 23. Qxa8 Rxa8 24. e4 Ne5 25. Nxe5 1/2-1/2

[Event "Masters' trophy"]
[Site "Brussels"]
[Date "1987.12.??"]
[Round "5"]
[White "Kudrin, Sergey"]
[Black "Piket, Jeroen"]
[Result "1-0"]
[WhiteElo "2515"]
[BlackElo "2450"]
[WhiteTitle "GM"]
[Source "365chess.com"]
[EventDate "1987.12.20"]
[BlackTitle "IM"]

1. e4 c5 2. Nf3 d6 3. d4 cxd4 4. Nxd4 Nf6 5. Nc3 Nc6 6. g3 e5 7. Nde2 Be7
8. Bg2 O-O 9. O-O h6 10. h3 Re8 11. Be3 Bf8 12. Qd2 Be6 13. g4 Qd7 14. Ng3 Rac8
15. Rfd1 b6 16. b3 Ne7 17. a4 Ng6 18. Nb5 Nh4 19. c4 Nxg4 20. hxg4 Bxg4 21. Nxd6
Nf3+ 22. Bxf3 Bxf3 23. Ndf5 Qc6 24. Qd7 Bxd1 25. Qxc6 Rxc6 26. Rxd1 h5 27. Bc1
a6 28. Ne3 g6 29. Nd5 f6 30. Ne2 Kf7 31. Nec3 Rd8 32. Kf1 Bc5 33. Ke2 Rd7
34. Bd2 Rd8 35. Ra1 a5 36. Rf1 Rh8 37. f4 exf4 38. Bxf4 Re8 39. Kd3 Kg7 40. Nb5
g5 41. Bd2 Kg6 42. Bc3 h4 43. Nd4 Rd6 44. Nf5 Rde6 45. Nxf6 Rxf6 46. Bxf6 Kxf6
47. Nd6+ Ke7 48. Nxe8 Kxe8 49. Rf5 g4 50. Rg5 g3 51. Ke2 Kf7 52. Kf3 Be7 53. Rb5
Bd8 54. b4 axb4 55. Rxb4 Bc7 56. Kg2 Ke6 57. Rb5 Kd6 58. Kh3 Kc6 59. Rd5 Bd6
60. Kg2 Bc7 61. Rh5 Bd8 62. Rf5 Bc7 63. Rd5 Bd6 64. e5 Bc7 65. e6 Bd6 66. Kh3
1-0

[Event "Masters' trophy"]
[Site "Brussels"]
[Date "1987.12.??"]
[Round "5"]
[White "Pergericht, Daniel"]
[Black "Jadoul, Michel"]
[Result "0-1"]
[WhiteElo "2260"]
[BlackElo "2340"]
[WhiteTitle "FM"]
[Source "365chess.com"]
[EventDate "1987.12.20"]
[BlackTitle "IM"]

1. d4 Nf6 2. c4 e6 3. g3 d5 4. Nf3 Bb4+ 5. Bd2 Be7 6. Bg2 O-O 7. O-O c6 8. Qb3
Ne4 9. Be1 Nd7 10. Nfd2 Nd6 11. Nc3 Bf6 12. e3 Qe7 13. Rc1 g6 14. cxd5 exd5
15. Na4 Re8 16. Nf3 Nc4 17. Kh1 h5 18. Ng1 Nf8 19. f3 Nd6 20. Bf2 g5 21. Nc5 g4
22. f4 Bf5 23. Ne2 Ne6 24. Nxe6 Qxe6 25. Nc3 Re7 26. Rfe1 Kg7 27. Kg1 Rh8
28. Rcd1 h4 29. Qa3 a6 30. Qc5 Ne4 31. Nxe4 Bxe4 32. Bf1 hxg3 33. Bxg3 Bh4
34. Bxh4 Rxh4 35. Re2 Re8 36. Rf2 Reh8 37. f5 Qh6 38. Qe7 0-1

[Event "Masters' trophy"]
[Site "Brussels"]
[Date "1987.12.??"]
[Round "5"]
[White "Rajković, Dušan"]
[Black "Bellón López, Juan Manuel"]
[Result "1/2-1/2"]
[WhiteElo "2480"]
[BlackElo "2380"]
[WhiteTitle "GM"]
[Source "365chess.com"]
[EventDate "1987.12.20"]
[BlackTitle "GM"]

1. Nf3 Nf6 2. c4 c6 3. d4 d5 4. Nc3 dxc4 5. a4 Bf5 6. e3 e6 7. Bxc4 Nbd7 8. O-O
a5 9. Qe2 Nb6 10. Bb3 Nbd5 11. Ne5 Bd6 12. Bc2 Bxc2 13. Qxc2 Nb4 14. Qe2 O-O
15. Nf3 Qc7 16. e4 1/2-1/2

[Event "Masters' trophy"]
[Site "Brussels"]
[Date "1987.12.??"]
[Round "6"]
[White "Bellón López, Juan Manuel"]
[Black "Sharif, Mehrshad"]
[Result "1/2-1/2"]
[WhiteElo "2380"]
[BlackElo "2440"]
[WhiteTitle "GM"]
[Source "365chess.com"]
[EventDate "1987.12.20"]
[BlackTitle "IM"]

1. d4 Nf6 2. c4 e6 3. Nf3 b6 4. Nc3 Bb7 5. Bg5 Be7 6. Qc2 c5 7. e4 cxd4 8. Nxd4
d6 9. Rd1 a6 10. e5 Nfd7 11. Bxe7 Qxe7 12. exd6 Qxd6 13. Be2 O-O 14. O-O Qe7
15. Bf3 Nf6 16. Rfe1 Bxf3 17. Nxf3 Qc7 18. Ne4 Nbd7 19. Nxf6+ Nxf6 20. Qa4 b5
21. cxb5 axb5 22. Qb3 Qc4 23. Qxc4 bxc4 24. Ra1 Rfb8 25. Re2 Nd5 26. Rc2 Rb4
27. Nd2 Nb6 28. a3 Kf8 29. Kf1 Rb5 30. g3 Ke7 31. h4 f5 32. Re1 Kf6 33. Nf3 e5
34. Rd1 e4 35. Ng5 h6 36. Nh3 Re8 37. Nf4 g5 38. a4 Rc5 39. Rd6+ Ke5 40. Rxb6
gxf4 41. gxf4+ Kxf4 42. b4 Rd5 43. Rxc4 Rg8 44. Rc1 Kf3 45. Rc3+ Kf4 46. Rc1 Kf3
1/2-1/2

[Event "Masters' trophy"]
[Site "Brussels"]
[Date "1987.12.??"]
[Round "6"]
[White "Carlier, Bruno"]
[Black "Rajković, Dušan"]
[Result "1-0"]
[WhiteElo "2380"]
[BlackElo "2480"]
[WhiteTitle "FM"]
[Source "365chess.com"]
[EventDate "1987.12.20"]
[BlackTitle "GM"]

1. e4 c5 2. c3 Nf6 3. e5 Nd5 4. d4 cxd4 5. cxd4 d6 6. Bc4 Nb6 7. Bb5+ Bd7 8. e6
fxe6 9. Bd3 Bc6 10. Nf3 N8d7 11. Ng5 Nf6 12. O-O e5 13. Nc3 exd4 14. Nb5 e5
15. Re1 Be7 16. Ne6 Qd7 17. Nbc7+ Kf7 18. Bf5 Kg8 19. Nxa8 Nxa8 20. Nxd4 Qc7
21. Qb3+ Bd5 22. Be6+ Bxe6 23. Nxe6 Qb6 24. Qg3 Kf7 25. Ng5+ Kg6 26. Qd3+ Kh5
27. Qf5 1-0

[Event "Masters' trophy"]
[Site "Brussels"]
[Date "1987.12.??"]
[Round "6"]
[White "Fedorowicz, John Peter"]
[Black "Boey, Jozef Martin"]
[Result "1-0"]
[WhiteElo "2520"]
[BlackElo "2390"]
[WhiteTitle "GM"]
[Source "365chess.com"]
[EventDate "1987.12.20"]
[BlackTitle "IM"]

1. d4 d5 2. c4 Nc6 3. Nf3 Bg4 4. Nc3 e6 5. Bf4 Bxf3 6. gxf3 dxc4 7. e3 Bd6
8. Bg3 Nf6 9. Bxc4 O-O 10. O-O a6 11. Be2 e5 12. dxe5 Nxe5 13. f4 Ng6 14. Bf3 c6
15. Qc2 Qe7 16. Rad1 Rad8 17. h4 h5 18. Qe2 Bb4 19. e4 Bxc3 20. bxc3 Rfe8 21. e5
Nd5 22. Bxd5 cxd5 23. Qxh5 Qa3 24. e6 Rxe6 25. f5 Re5 26. Qf3 Nxh4 27. Bxh4 Rde8
28. Bg3 Re4 29. Rxd5 Qxa2 30. Rd8 1-0

[Event "Masters' trophy"]
[Site "Brussels"]
[Date "1987.12.??"]
[Round "6"]
[White "Hergott, Deen"]
[Black "Kudrin, Sergey"]
[Result "1/2-1/2"]
[WhiteElo "2305"]
[BlackElo "2515"]
[Source "365chess.com"]
[EventDate "1987.12.20"]
[BlackTitle "GM"]

1. d4 Nf6 2. Nf3 g6 3. c4 Bg7 4. Nc3 d5 5. cxd5 Nxd5 6. Qb3 Nxc3 7. bxc3 O-O
8. e3 c5 9. Bd3 Qc7 10. O-O Nc6 11. Ba3 Na5 12. Qd5 b6 13. Qxa8 Bb7 14. Qxa7 Ra8
15. Qxa8+ Bxa8 16. Rab1 Bxf3 17. gxf3 cxd4 18. cxd4 Qc3 19. Bb4 Qxd3 20. Bxa5
bxa5 21. Rb8+ Bf8 22. Rc1 Qe2 23. Kg2 Kg7 24. Rcc8 e5 25. Rxf8 e4 1/2-1/2

[Event "Masters' trophy"]
[Site "Brussels"]
[Date "1987.12.??"]
[Round "6"]
[White "Jadoul, Michel"]
[Black "Dutreeuw, Marc"]
[Result "0-1"]
[WhiteElo "2340"]
[BlackElo "2400"]
[WhiteTitle "IM"]
[Source "365chess.com"]
[EventDate "1987.12.20"]

1. e4 e5 2. Nf3 Nf6 3. Nxe5 d6 4. Nf3 Nxe4 5. d4 d5 6. Bd3 Be7 7. O-O Nd6
8. Bf4 O-O 9. Re1 Re8 10. Nbd2 Nc6 11. c3 Bf6 12. Bxd6 Rxe1+ 13. Qxe1 cxd6
14. Qd1 Be6 15. Nf1 Rc8 16. Ne3 Na5 17. Nd2 Bg5 18. Qe2 Bxe3 19. fxe3 Qg5
20. Rf1 a6 21. e4 b5 22. exd5 Qxd5 23. a3 Nc4 24. Nxc4 bxc4 25. Be4 Qb5 26. d5
Bxd5 27. Qh5 Be6 28. Qxh7+ Kf8 29. Qh8+ Ke7 30. Qxg7 Qe5 31. Qxe5 dxe5 32. h4
Rg8 33. Bf5 Bxf5 34. Rxf5 Ke6 35. Rf3 f5 36. Kh2 f4 37. g3 Kf5 38. gxf4 exf4
39. Rf2 Rg4 40. Kh3 Rg3+ 41. Kh2 Kg4 42. Re2 Rd3 43. Re6 a5 44. a4 Rd2+ 45. Kg1
Kxh4 46. Re5 Rxb2 47. Rxa5 Kg3 48. Rg5+ Kf3 49. a5 Ra2 50. Re5 Ra3 51. Rc5 Ke3
52. Rxc4 f3 53. Rc8 Ra1+ 54. Kh2 f2 0-1

[Event "Masters' trophy"]
[Site "Brussels"]
[Date "1987.12.??"]
[Round "6"]
[White "Piket, Jeroen"]
[Black "Karólyi, Tibor"]
[Result "1-0"]
[WhiteElo "2450"]
[BlackElo "2435"]
[WhiteTitle "IM"]
[Source "365chess.com"]
[EventDate "1987.12.20"]
[BlackTitle "IM"]

1. d4 d5 2. Nf3 Nf6 3. Bg5 e6 4. e3 c5 5. Nbd2 Qb6 6. Bxf6 gxf6 7. c4 cxd4
8. exd4 dxc4 9. Bxc4 Bg7 10. O-O O-O 11. Re1 Rd8 12. d5 Na6 13. dxe6 fxe6
14. Qe2 Nc7 15. Nf1 Bd7 16. Ng3 Re8 17. Rad1 Bc6 18. Nd4 Bd5 19. Nh5 Bxc4
20. Qxc4 Kh8 21. Rc1 Rac8 22. Nf5 exf5 23. Rxe8+ Rxe8 24. Qf7 Rg8 25. Rxc7 1-0

[Event "Masters' trophy"]
[Site "Brussels"]
[Date "1987.12.??"]
[Round "7"]
[White "Boey, Jozef Martin"]
[Black "Hergott, Deen"]
[Result "0-1"]
[WhiteElo "2390"]
[BlackElo "2305"]
[WhiteTitle "IM"]
[Source "365chess.com"]
[EventDate "1987.12.20"]

1. e4 e6 2. d4 d5 3. e5 Bd7 4. Nf3 c5 5. c3 Qb6 6. Be2 Bb5 7. c4 Bxc4 8. Bxc4
Qb4+ 9. Nbd2 dxc4 10. a3 Qb5 11. Qe2 cxd4 12. Nxd4 Qd5 13. N4f3 Nc6 14. Nxc4 Rd8
15. Bd2 Nh6 16. O-O-O Qd3 17. Qxd3 Rxd3 18. Bxh6 Rxd1+ 19. Rxd1 gxh6 20. b4 Rg8
21. b5 Nb8 22. g3 Bc5 23. Nfd2 Ke7 24. Ne4 Rc8 25. Kb2 Nd7 26. f4 Nb6 27. Nxb6
Bxb6 28. Kb3 Rd8 29. Rxd8 Kxd8 30. Nd6 Bg1 31. Nxb7+ Kc7 32. Nd6 Bxh2 33. Ne4 h5
34. Kc4 h4 35. gxh4 Bxf4 36. Kd4 Bc1 37. Nd6 Bb2+ 38. Ke4 f5+ 39. Kf4 Bc1+
40. Kf3 Bxa3 41. Nc4 Be7 42. h5 Bc5 43. Kf4 Kd7 44. Kg5 Ke7 45. Kh6 Bd4 46. Kxh7
f4 47. Nd2 Bxe5 48. Kg6 Bc3 49. Nf3 Kd6 50. Kg5 Kc5 51. Kxf4 Kxb5 52. Ke4 a5
53. h6 a4 54. Kd3 Kb4 55. h7 a3 56. Ne1 a2 57. Nc2+ Kb3 0-1

[Event "Masters' trophy"]
[Site "Brussels"]
[Date "1987.12.??"]
[Round "7"]
[White "Dutreeuw, Marc"]
[Black "Bellón López, Juan Manuel"]
[Result "1-0"]
[WhiteElo "2400"]
[BlackElo "2380"]
[Source "365chess.com"]
[EventDate "1987.12.20"]
[BlackTitle "GM"]

1. e4 c5 2. Nf3 e6 3. d4 cxd4 4. Nxd4 Nc6 5. Nb5 d6 6. c4 Nf6 7. N1c3 a6 8. Nd4
Qc7 9. Be2 b6 10. Be3 Bb7 11. Rc1 Ne5 12. f4 Ned7 13. Bf3 Rc8 14. b3 Qb8 15. O-O
Be7 16. f5 e5 17. Nde2 g6 18. Ng3 h5 19. fxg6 fxg6 20. Nd5 b5 21. Qe2 bxc4
22. Rxc4 Bd8 23. Nxf6+ Bxf6 24. Rxc8+ Bxc8 25. Qd2 Ke7 26. Ne2 Bb7 27. Nc3 Rf8
28. Be2 Bg7 29. Bg5+ Bf6 30. Be3 Bg7 31. Bg5+ Bf6 32. Bh6 Rh8 33. Bc4 Nb6
34. Rxf6 Nxc4 35. Qg5 Qa7+ 36. Rf2+ Kd7 37. bxc4 Qd4 38. Nd5 Bxd5 39. exd5 Rb8
40. Qc1 Rb4 41. Be3 Rxc4 42. Qd2 Qe4 43. h3 Ke8 44. Kh2 h4 45. Bh6 Rc5 46. Qb2
Rb5 47. Qa3 Qxd5 48. Qxa6 Qc5 49. Be3 Ra5 50. Qd3 Qd5 51. Qxg6+ Kd7 52. Qh7+ Kc6
53. Rc2+ 1-0

[Event "Masters' trophy"]
[Site "Brussels"]
[Date "1987.12.??"]
[Round "7"]
[White "Geenen, Marc"]
[Black "Jadoul, Michel"]
[Result "1-0"]
[WhiteElo "2295"]
[BlackElo "2340"]
[Source "365chess.com"]
[EventDate "1987.12.20"]
[BlackTitle "IM"]

1. e4 c5 2. Nf3 e6 3. d4 cxd4 4. Nxd4 Nc6 5. Nb5 d6 6. Bf4 e5 7. Be3 Nf6 8. Bg5
Be6 9. Bxf6 gxf6 10. Nd2 Rc8 11. Nc4 d5 12. exd5 Bxd5 13. Ne3 Qa5+ 14. c3 Be6
15. Nc4 Bxc4 16. Bxc4 Nd4 17. Bxf7+ Kxf7 18. Qh5+ Ke7 19. Nxd4 Rxc3 20. O-O Rd3
21. Rad1 Qa6 22. Nf5+ Ke6 23. Rxd3 Qxd3 24. Rd1 Qc2 25. Qg4 Qxd1+ 26. Qxd1 Kxf5
27. Qh5+ Ke6 28. Qe8+ Kd6 29. Qd8+ Ke6 30. Qc8+ 1-0

[Event "Masters' trophy"]
[Site "Brussels"]
[Date "1987.12.??"]
[Round "7"]
[White "Karólyi, Tibor"]
[Black "Carlier, Bruno"]
[Result "1/2-1/2"]
[WhiteElo "2435"]
[BlackElo "2380"]
[WhiteTitle "IM"]
[Source "365chess.com"]
[EventDate "1987.12.20"]
[BlackTitle "FM"]

1. d4 Nf6 2. c4 e6 3. Nf3 Bb4+ 4. Bd2 c5 5. Bxb4 cxb4 6. e3 O-O 7. Be2 d6
8. O-O Nc6 9. a3 bxa3 10. Rxa3 a5 11. Nc3 e5 12. Qd2 b6 13. Rd1 Bb7 14. dxe5
dxe5 15. Na4 e4 16. Nd4 Nd7 17. Nb3 Nce5 18. c5 Qg5 19. Kh1 Rad8 20. Qe1 Nf6
21. Rxd8 Rxd8 22. Nxb6 Nf3 23. Qf1 Ng4 24. h3 Qh4 25. g3 Qf6 26. Kg2 Nfh2
27. Qe1 Nf3 28. Qf1 Nfh2 1/2-1/2

[Event "Masters' trophy"]
[Site "Brussels"]
[Date "1987.12.??"]
[Round "7"]
[White "Kerkhof, Philippe"]
[Black "Scholz Solis, Guillermo"]
[Result "1/2-1/2"]
[WhiteElo "2250"]
[BlackElo "2310"]
[Source "365chess.com"]
[EventDate "1987.12.20"]
[BlackTitle "FM"]

1. e4 c5 2. c3 e6 3. d4 d5 4. exd5 exd5 5. Nf3 Nc6 6. Bb5 Bd6 7. dxc5 Bxc5
8. O-O Ne7 9. Nbd2 O-O 10. Nb3 Bd6 11. Re1 Bg4 12. Be2 a6 13. Nbd4 Qc7 14. h3
Bd7 15. Be3 Na5 16. Bd3 g6 17. Bg5 Rfe8 18. Bf6 Nec6 19. Qc2 Nc4 20. Rad1 b5
21. Nxc6 Bxc6 22. Bd4 Bf4 23. b3 Nb6 24. Qb1 Nd7 25. Rxe8+ Rxe8 26. Re1 Rc8
27. Re7 Bd6 28. Re2 Nc5 29. Ne5 Ne6 30. Nf3 Bd7 31. Bf6 Nf4 32. Re1 Be6 33. Bd4
Qd7 34. Ne5 Qd8 35. Nf3 Qf8 36. Bf1 Qh6 37. Qd1 Qh5 38. Ne5 Qg5 39. Kh1 h5
40. Qf3 Qf5 41. Nd3 Nxd3 42. Qxd3 Qg5 43. Qf3 Bf4 44. g3 Bd6 45. h4 Qf5 46. Qxf5
Bxf5 47. Bg2 Be6 48. Rd1 Be7 49. Be5 f6 50. Bd4 Kf7 51. Kg1 b4 52. cxb4 Bxb4
53. Be3 Rc2 54. Bxd5 Rxa2 55. Bc4 Bxc4 56. bxc4 Ke6 57. Kf1 a5 58. Rc1 Kd6
59. c5+ Kc6 60. Rd1 Rc2 61. Rd6+ Kb5 62. Rb6+ Kc4 63. c6 Kd5 64. c7 Rxc7
65. Rxf6 Rc2 66. Rxg6 a4 67. Ra6 a3 68. Bg5 a2 69. Bf6 Bc5 70. Kg2 Rxf2+ 71. Kh3
Bd6 72. Ra5+ Ke6 73. Bh8 Rf3 74. Rg5 Rf5 75. Rg6+ Kd5 76. Ba1 Rf1 77. Rg5+ Ke4
78. Bh8 Rf5 79. Rg6 Rd5 80. Rg8 Ra5 81. Rg6 Bc5 82. Re6+ Kd3 83. Ba1 Bb4 84. g4
Bc3 85. Rd6+ Ke4 86. Bxc3 Ra3 87. Rd4+ Ke5 88. Ra4+ Rxc3+ 89. Kg2 Rc2+ 90. Kg3
hxg4 91. Ra5+ 1/2-1/2

[Event "Masters' trophy"]
[Site "Brussels"]
[Date "1987.12.??"]
[Round "7"]
[White "Kouatly, Bachar"]
[Black "Flear, Glenn Curtis"]
[Result "1/2-1/2"]
[WhiteElo "2470"]
[BlackElo "2480"]
[WhiteTitle "IM"]
[Source "365chess.com"]
[EventDate "1987.12.20"]
[BlackTitle "GM"]

1. d4 d5 2. Nf3 Nf6 3. c4 c6 4. e3 Bf5 5. Bd3 e6 6. Nc3 Be7 7. Bxf5 exf5 8. Qb3
Qb6 9. cxd5 Qxb3 10. axb3 Nxd5 11. Nxd5 cxd5 12. Ne5 Nc6 13. Nxc6 bxc6 14. Bd2
Kd7 15. Kd1 Rhb8 16. Kc2 Rb7 17. Ra6 Rab8 18. Rha1 Rxb3 19. Rxa7+ R8b7 20. Bc3
Bd6 21. f4 1/2-1/2

[Event "Masters' trophy"]
[Site "Brussels"]
[Date "1987.12.??"]
[Round "7"]
[White "Rajković, Dušan"]
[Black "Polaczek, Richard"]
[Result "1-0"]
[WhiteElo "2480"]
[BlackElo "2305"]
[WhiteTitle "GM"]
[Source "365chess.com"]
[EventDate "1987.12.20"]

1. d4 Nf6 2. c4 e6 3. Nc3 Bb4 4. Bg5 c5 5. d5 h6 6. Bh4 Bxc3+ 7. bxc3 d6 8. e3
exd5 9. cxd5 O-O 10. Nf3 Bf5 11. Bd3 Bxd3 12. Qxd3 Nbd7 13. O-O Re8 14. Rab1 Qc7
15. c4 Rab8 16. Nd2 a6 17. a4 Qa5 18. f4 b5 19. axb5 axb5 20. cxb5 Qa8 21. e4
Qa4 22. Rfe1 Nh5 23. g3 c4 24. Qxc4 Qa7+ 25. Kh1 Rbc8 26. Qd3 Qf2 27. Qe2 Qxe2
28. Rxe2 Rc2 29. Rg2 f6 30. f5 Nc5 31. Nb3 Rxg2 32. Kxg2 Na4 33. Nd2 Rc8 34. b6
Nxb6 35. Rxb6 Rc2 36. Kf3 1-0